MyGZULibrary

Europeanization and national politics / (Record no. 2778)

MARC details
000 -LEADER
fixed length control field 01464cam a2200421 a 4500
001 - CONTROL NUMBER
control field 16339513
003 - CONTROL NUMBER IDENTIFIER
control field GZU
005 - DATE AND TIME OF LATEST TRANSACTION
control field 20201106084426.0
008 - FIXED-LENGTH DATA ELEMENTS--GENERAL INFORMATION
fixed length control field 100719s2010 enka b 001 0 eng
010 ## - LIBRARY OF CONGRESS CONTROL NUMBER
LC control number 2010293366
015 ## - NATIONAL BIBLIOGRAPHY NUMBER
National bibliography number GBA9B6120
Source bnb
016 7# - NATIONAL BIBLIOGRAPHIC AGENCY CONTROL NUMBER
Record control number 015433352
Source Uk
020 ## - INTERNATIONAL STANDARD BOOK NUMBER
International Standard Book Number 9781403918741 (hbk.)
020 ## - INTERNATIONAL STANDARD BOOK NUMBER
International Standard Book Number 1403918740 (hbk.)
020 ## - INTERNATIONAL STANDARD BOOK NUMBER
International Standard Book Number 1403918759 (pbk.)
020 ## - INTERNATIONAL STANDARD BOOK NUMBER
International Standard Book Number 9781403918758 (pbk.)
035 ## - SYSTEM CONTROL NUMBER
System control number (OCoLC)ocn464586306
040 ## - CATALOGING SOURCE
Original cataloging agency UKM
Transcribing agency UKM
Modifying agency BTCTA
-- YDXCP
-- BWKUK
-- BWK
-- BWX
-- NDD
-- EUM
-- GEBAY
-- DLC
042 ## - AUTHENTICATION CODE
Authentication code ukblcatcopy
-- lccopycat
050 00 - LIBRARY OF CONGRESS CALL NUMBER
Classification number JN30
Item number .L335 2010
082 04 - DEWEY DECIMAL CLASSIFICATION NUMBER
Classification number 320.94
Edition number 22
100 1# - MAIN ENTRY--PERSONAL NAME
Personal name Ladrech, Robert.
245 10 - TITLE STATEMENT
Title Europeanization and national politics /
Statement of responsibility, etc. Robert Ladrech.
260 ## - PUBLICATION, DISTRIBUTION, ETC.
Place of publication, distribution, etc. Basingstoke, Hampshire :
Name of publisher, distributor, etc. Palgrave Macmillan,
Date of publication, distribution, etc. c2010.
300 ## - PHYSICAL DESCRIPTION
Extent x, 238 p. :
Other physical details ill. ;
Dimensions 23 cm.
490 1# - SERIES STATEMENT
Series statement The European Union series
504 ## - BIBLIOGRAPHY, ETC. NOTE
Bibliography, etc. note Includes bibliographical references (p. 216-232) and index.
610 20 - SUBJECT ADDED ENTRY--CORPORATE NAME
Corporate name or jurisdiction name as entry element European Union.
650 07 - SUBJECT ADDED ENTRY--TOPICAL TERM
Topical term or geographic name entry element Mitgliedsstaaten
Source of heading or term swd
650 07 - SUBJECT ADDED ENTRY--TOPICAL TERM
Topical term or geographic name entry element Politik
Source of heading or term swd
650 07 - SUBJECT ADDED ENTRY--TOPICAL TERM
Topical term or geographic name entry element Europäische Integration
Source of heading or term swd
651 #0 - SUBJECT ADDED ENTRY--GEOGRAPHIC NAME
Geographic name European Union countries
General subdivision Politics and government.
651 #7 - SUBJECT ADDED ENTRY--GEOGRAPHIC NAME
Geographic name Europäische Union
Source of heading or term swd
830 #0 - SERIES ADDED ENTRY--UNIFORM TITLE
Uniform title European Union series (Palgrave Macmillan (Firm))
906 ## - LOCAL DATA ELEMENT F, LDF (RLIN)
a 7
b cbc
c copycat
d 2
e ncip
f 20
g y-gencatlg
942 ## - ADDED ENTRY ELEMENTS (KOHA)
Source of classification or shelving scheme Library of Congress Classification
Koha item type Books
Classification part 30
Item part LAD
Call number prefix JN
Call number suffix 2010
Holdings
Withdrawn status Lost status Damaged status Not for loan Collection code Home library Current library Shelving location Date acquired Total Checkouts Full call number Barcode Date last seen Copy number Price effective from Koha item type
        Non-fiction City Campus Library City Campus Library General Stacks 11/06/2020   JN30 LAD 2010 000223 11/06/2020 c.1 11/06/2020 Books